00482nam a2200193 a 4500001001300000003000900013005001700022008004100039020001000080082001300090100001800103245002100121260005000142300000800192500003500200505001700235650001800252700001800270nice12345678IN_TiNIC20260116011417.0050524s0000 alla grp 000 0 urd  ac10000a244bLAW aLawrence, H J aMaut Awr Zindagi aAllahabadbNorth India Christian Tractsc0000 a28p aincludes index and biblioraphy2 aBibliography aBible Stories1 aLawrence, H J